00000000nam##2200000za#4500
0019.661977
003CaOODSP
00520210615120322
007ta
008150407|2000||||xxc|||||     f|0| 0 eng|d
020 |a0-662-65070-0
040 |aCaOODSP|beng
041 |aeng
041 |afre
043 |an-cn---
0861 |aSE3-29/2000
1101 |aCanada.|bElections Canada. |bChief Electoral Officer of Canada.
24510|aFederal electoral legislation / |cIssued by the Chief Electoral Officer.
260 |aOttawa - Ontario : |bElections Canada. |c2000.
300 |a1 vol. in various pagings. ; |c28 cm. + |e1 folded map.
546 |aBilingual
563 |aLoose-leaf
590 |a00-33|b2000-08-18
69007|aElectoral system|2gcpds
7760#|tLégislation électorale fédérale |w(CaOODSP)9.676674
792 |tLégislation électorale fédérale / |efre|w(CaOODSP)9.661978